000 00622nam a2200217 u 4500
005 20250620063854.0
008 080227s2004 r 000 0 eng d
020 _a9706414827
035 _aUPN01000154578
049 _aI
050 4 _aPZ71
_bP4.42
100 1 _aPeyrón Pichardo, Gabriela,
_d1955-
_943204
245 1 0 _aLadrón de sonrisas /
_cGabriela Peyron ; il. Julián Cicero.
260 _aMéxico :
_bProgreso,
_c2004.
300 _a52 p. :
_bil.
440 0 _aRehilete
650 4 _aLibros y lectura para niños
_92290
650 2 _aRisa
_910754
650 2 _aAlegría y tristeza
_92337
905 _aInfantil
999 _c126695
_d126695